|
|
|
|
| LEADER |
00738nab a2200193 i 4500 |
| 001 |
publ4045 |
| 005 |
20220428115406.0 |
| 008 |
140131s2013 hu o 0|| zxx d |
| 022 |
|
|
|a 0013-6077
|
| 024 |
7 |
|
|a 2504874
|2 mtmt
|
| 040 |
|
|
|a SZTE Publicatio Repozitórium
|b hun
|
| 041 |
|
|
|a zxx
|
| 100 |
1 |
|
|a Majláth Zsófia
|
| 245 |
1 |
0 |
|a Kinureninek idegrendszeri kórképekben
|h [elektronikus dokumentum] :
|b terápiás perspektívák /
|c Majláth Zsófia
|
| 260 |
|
|
|a Tudományos Ismeretterjesztő Társulat
|c 2013
|
| 300 |
|
|
|a 527-529
|
| 490 |
0 |
|
|a Élet és Tudomány
|v 68 No. 17
|
| 700 |
0 |
1 |
|a Vécsei László
|e aut
|
| 856 |
4 |
0 |
|u http://publicatio.bibl.u-szeged.hu/4045/1/Majlath_KYN_idegrendszeri_korkepek_Elet_es_Tudomany_preprint.pdf
|z Dokumentum-elérés
|